000 00645 a2200181 4500
999 _c10025
_d10025
020 _ano isbn
050 _aKTL18 BIS 1929
100 _aBisset, Murray
_eauthor
245 _aThe digest of South African case law :
_bcontaining the reported decisions of the superior courts in 1928 /
_cMurray Bisset and Percival Frere Smith.. et al
264 _aCape Town :
_bJuta & Co.,
_c1929
300 _a35p. :
500 _aIncludes tables of digests
650 _aReaders' digests on court decisions
651 _aSouth Africa
700 _aSmith, Percival Frere
_eauthor
700 _aDuncan, Thomas Graeme
_eeditor
942 _2lcc
_cBK
_h18
_iBIS
_kKTL